Normal view
MARC view
- Ritesh Kumar
Entry Personal Name
001 - CONTROL NUMBER
- control field: 6156
003 - CONTROL NUMBER IDENTIFIER
- control field: OSt
005 - DATE AND TIME OF LATEST TRANSACTION
- control field: 20240321123651.0
008 - FIXED-LENGTH DATA ELEMENTS
- fixed length control field: 240321|| aca||aabn | a|a d
040 ## - CATALOGING SOURCE
- Original cataloging agency: OSt
- Transcribing agency: OSt
100 ## - HEADING--PERSONAL NAME
- Personal name: Ritesh Kumar
- Personal name: Sujit KUmar
670 ## - SOURCE DATA FOUND
- Source citation: Work cat.: (OSt)14285: Ritesh Kumar Sujit KUmar, Upkar's UGC NET/ JRF/ SET Geography : Paper - II and III /, 2013
